Declaración de Tegucigalpa sobre la paz y desarrollo en Centroamérica /

Guardado en:
Bibliografiske detaljer
Hovedforfatter: Calderón Sol, Armando
Andre forfattere: León Carpio, Ramiro de, Reina Idiaquez, Carlos Roberto, Barrios de Chamorro, Violeta, Pérez Balladares, Ernesto, Esquivel, Manuel, Grynspan Magufis, Rebeca
Format: Texto
Fag:
Tags: Tilføj Tag
Ingen Tags, Vær først til at tagge denne postø!

MARC

LEADER 00000 a a2200000 04500
001 5879
003
040
100 |a Calderón Sol, Armando  
245 |a Declaración de Tegucigalpa sobre la paz y desarrollo en Centroamérica /  |c Armando Calderón Sol , Ramiro de León Carpio, Carlos Roberto Reina Idiaquez, et al. 
650 |a DESARROLLO SUSTENTABLE  
650 |a DEMOCRACIA  
650 |a PAZ  
650 |a POLITICA  
700 |a León Carpio, Ramiro de  
700 |a Reina Idiaquez, Carlos Roberto  
700 |a Barrios de Chamorro, Violeta  
700 |a Pérez Balladares, Ernesto  
700 |a Esquivel, Manuel  
700 |a Grynspan Magufis, Rebeca  
773 |g volumen 15, número 634; página 16  
999 |c 35968  |d 35968